| 000 | 00734cam a22002533a 4500 | ||
|---|---|---|---|
| 001 | 28700 | ||
| 003 | PGUSA | ||
| 005 | 20140828083623.0 | ||
| 008 | 090506s2009||||xxu|||||s|||||000 | eng d | ||
| 040 |
_aPGUSA _beng |
||
| 042 | _adc | ||
| 050 | 4 | _aPZ | |
| 100 | 1 |
_aCreswick, Paul, _d1866-1947 |
|
| 245 | 1 | 0 |
_aRobin Hood _h[electronic resource] / _cPaul Creswick |
| 260 |
_bProject Gutenberg, _c2009 |
||
| 506 | _aPublic domain in the USA. | ||
| 516 | _aElectronic text | ||
| 653 | _aRobin Hood (Legendary character) -- Legends | ||
| 653 | _aFolklore -- England | ||
| 700 | 1 |
_aWyeth, N. C. _q(Newell Convers), _d1882-1945 |
|
| 830 | 0 |
_aProject Gutenberg _v28700 |
|
| 856 | 4 | 0 | _uhttp://www.gutenberg.org/ebooks/28700 |
| 942 | _cEB | ||
| 999 |
_c257955 _d257955 |
||